000 004360000a22001690004500
003 MACL
005 20151218170127.0
008 151218b xxu||||| |||| 00| 0 eng d
040 _aMACL
_cMACL
041 _aEnglish
082 _a741.642/STE
100 _aBlackwood, Paul E
_921200
245 _aThe World and Its Wonders
_bVol 4
260 _bThe Childs World
_c1955
650 _aChildrens Book
_97875
942 _cBK
_k741.642/STE
_2ddc
999 _c40508
_d40508